Catálogo

Temas y problemas de filosoría de la física / (Registro nro. 25542)

Detalles MARC
000 -LEADER
fixed length control field 01078cam a2200301 i 4500
001 - CONTROL NUMBER
control field 25542
003 - CONTROL NUMBER IDENTIFIER
control field Mx-PuUPA
005 - DATE AND TIME OF LATEST TRANSACTION
control field 20250328111942.0
008 - FIXED-LENGTH DATA ELEMENTS--GENERAL INFORMATION
fixed length control field 140415s1978 sp gr 000 0 spa d
017 ## - COPYRIGHT OR LEGAL DEPOSIT NUMBER
Copyright or legal deposit number B. 25.510-1978
020 ## - INTERNATIONAL STANDARD BOOK NUMBER
International Standard Book Number 8425407494
040 ## - CATALOGING SOURCE
Original cataloging agency Mx-PuUPA
Language of cataloging spa
Transcribing agency Mx-PuUPA
Modifying agency Mx-PuUPA
Description conventions rda
041 1# - LANGUAGE CODE
Language code of text/sound track or separate title spa
Language code of original ita
100 1# - MAIN ENTRY--PERSONAL NAME
Personal name Agazzi, Evandro,
Dates associated with a name 1934-
9 (RLIN) 16910
Relator term autor
240 10 - UNIFORM TITLE
Uniform title Temi e problemi di filosofia della fisica.
Language of a work Español
245 10 - TITLE STATEMENT
Title Temas y problemas de filosoría de la física /
Statement of responsibility, etc. Evandro Agazzi ; versión castellana de J. Vidal
264 #1 - PRODUCTION, PUBLICATION, DISTRIBUTION, MANUFACTURE, AND COPYRIGHT NOTICE
Place of production, publication, distribution, manufacture Barcelona :
Name of producer, publisher, distributor, manufacturer Editorial Herder,
Date of production, publication, distribution, manufacture, or copyright notice ©1978
300 ## - PHYSICAL DESCRIPTION
Extent 470 páginas ;
Dimensions 25 cm
336 ## - CONTENT TYPE
Fuente rdacontent
Content type term texto
Content type code txt
337 ## - MEDIA TYPE
Source rdamedia
Media type term sin medio
Media type code n
338 ## - CARRIER TYPE
Source rdacarrier
Carrier type term volumen
Carrier type code nc
650 #7 - SUBJECT ADDED ENTRY--TOPICAL TERM
Source of heading or term armarc
Topical term or geographic name entry element Física
General subdivision Filosofía
700 1# - ADDED ENTRY--PERSONAL NAME
Personal name Vidal, J.
Relator term traductor
765 0# - ORIGINAL LANGUAGE ENTRY
Main entry heading Agazzi, Evandro, 1934-
Place, publisher, and date of publication Roma : Edizioni Abete, 1974
Title Temi e problemi di filosofia della fisica.
942 ## - ADDED ENTRY ELEMENTS (KOHA)
Source of classification or shelving scheme Dewey Decimal Classification
Koha item type Libro
Classification part 530.01
Item part A2518
Existencias
Withdrawn status Lost status Source of classification or shelving scheme Damaged status Not for loan Collection code Home library Current library Shelving location Date acquired Total Checkouts Full call number Barcode Date last seen Price effective from Koha item type
    Dewey Decimal Classification     General Centro de Estudios en Ciencia y Religión Centro de Estudios en Ciencia y Religión Sala general 03/12/2013   530.01 A2518 1978 47543 05/01/2026 03/12/2013 Libro